000 00471nmm a2200169Ia 4500
008 251105s9999||||xx |||||||||||||||||und||
020 _a9788498953039
041 _aspa
100 _aSabina, Joaquín
245 0 _aPalo seco. Letras de canciones
264 _a[Madrid, España] :
_bVisor Libros,
_c2017
300 _a106 páginas
490 _aVisor de Poesía
650 _aSpanish poetry
856 _uhttps://public.digitaliapublishing.com/a/77242
942 _cCF
999 _c92188
_d92188